4th Film in the Series - Statistics

General Stats
  • This quiz has been taken 377 times
    371 since last reset
  • The average score is 6 of 16
Answer Stats
Series Year 4th film % Correct
Star Wars 1977 A New Hope
82%
Harry Potter 2005 Goblet of Fire
75%
Avengers 2019 Endgame
74%
Mad Max 2015 Fury Road
62%
Mission Impossible 2011 Ghost Protocol
36%
Twilight 2011 Breaking Dawn Part 1
35%
Shrek 2010 Forever After
32%
Pirates of the Caribbean 2011 On Stranger Tides
30%
Jaws 1987 The Revenge
29%
James Bond 1965 Thunderball
28%
Alien 1997 Resurrection
27%
The Muppets 1992 Christmas Carol
18%
Die Hard 2007 Live Free or Die Hard
18%
Star Trek 1986 The Voyage Home
18%
Superman 1987 The Quest for Peace
17%
Transformers 2014 Age of Extinction
14%
No matching quizzes found
Score Distribution
Percent of People with Each Score
Percentile by Number Answered
Your Score History
You have not taken this quiz since the last reset